U.S.-Japan relations in a changing world /

Bibliographic Details
Other Authors: Vogel, Steven Kent
Format: Book
Language:English
Published: Washington, D.C. : Brookings Institution Press, c2002.
Subjects:
Classic Catalogue: View this record in Classic Catalogue
LEADER 02293nam a2200397 a 4500
001 45735
003 BD-DhAAL
005 20260518144505.0
008 260510t2002 dcua b 001 0 eng
010 |a  2002003957 
020 |a 0815706308 
020 |a 0815706294 
020 |a 9780815706304 
020 |a 9780815706298 
035 |a 12702349 
040 |a DLC  |c DLC  |d DLC  |d BD-DhAAL 
043 |a a-ja---  |a n-us--- 
050 0 0 |a E183.8.J3  |b U745 2002 
082 0 0 |a 327.730529045  |2 21 
245 0 0 |a U.S.-Japan relations in a changing world /  |c Steven K. Vogel, editor. 
246 1 3 |a US-Japan relations in a changing world 
246 1 3 |a United States-Japan relations in a changing world 
260 |a Washington, D.C. :  |b Brookings Institution Press,  |c c2002. 
300 |a x, 286 pages :  |b illustrations ;  |c 24 cm 
504 |a Includes bibliographical references and index. 
505 8 |a Machine generated contents note: 1 Introduction: The San Francisco System at Fifty -- Steven K. Vogel -- 2 Balance of Power -- Michael J. Green -- 3 Economic Performance -- William W Grimes -- 4 Paradigms -- Keith A. Nitta -- 5 Domestic Politics -- Leonard J. Schoppa -- 6 Media -- Laurie A. Freeman -- 7 International Organizations -- Amy E. Searight -- 8 Finance -- Adam S. Posen -- 9 Technology -- Steven K. Vogel and John Zysman -- 10 Final Thoughts: Whither U.S.-Japan Relations? -- Steven K. Vogel. 
526 8 |a AAL 
541 1 |a Donated by Embassy of Japan in Bangladesh, Read Japan Project 2025, The Tokyo Foundation, supported by The Nippon Foundation.  |e 45735 
650 0 |a Political science. 
651 0 |a United States  |x Relations  |z Japan.  |9 60557 
651 0 |a Japan  |x Relations  |z United States.  |9 60558 
700 1 |a Vogel, Steven Kent.  |9 60559 
852 1 |a Ayesha Abed Library  |c General Stacks 
942 |2 ddc  |c BK 
999 |c 47903  |d 47903 
952 |0 0  |1 0  |2 ddc  |4 0  |6 327_730529045000000_UNI  |7 0  |9 79161  |a BRACUL  |b BRACUL  |d 2026-05-10  |e Donated by Embassy of Japan in Bangladesh, Read Japan Project 2025, The Tokyo Foundation, supported by The Nippon Foundation.  |l 0  |o 327.730529045 UNI  |p 3010045735  |r 2026-05-10  |t 1  |w 2026-05-10  |y BK  |x Donated copy received from Embassy of Japan in Bangladesh, Read Japan Project 2025, The Tokyo Foundation, supported by The Nippon Foundation on 08 April 2026; $27.49